Representations (Record no. 353164)
[ view plain ]
| 000 -LEADER | |
|---|---|
| fixed length control field | 00643nam a2200121Ia 4500 |
| 008 - FIXED-LENGTH DATA ELEMENTS--GENERAL INFORMATION | |
| fixed length control field | 171212s9999 xx 000 0 und d |
| 020 ## - INTERNATIONAL STANDARD BOOK NUMBER | |
| International Standard Book Number | 9780874217247 |
| 245 ## - TITLE STATEMENT | |
| Statement of responsibility, etc | editor Mao, LuMing;Young, Morris |
| Title | Representations |
| Remainder of title | Doing Asian American Rhetoric |
| 260 ## - PUBLICATION, DISTRIBUTION, ETC. (IMPRINT) | |
| Name of publisher, distributor, etc | University Press of Colorado |
| Date of publication, distribution, etc | 2008 |
| 650 ## - SUBJECT ADDED ENTRY--TOPICAL TERM | |
| Topical term or geographic name as entry element | English language -- Rhetoric -- Study and teaching -- Foreign speakers; Asian Americans -- Education -- Language arts; Asian Americans -- Cultural assimilation; Asian Americans -- Intellectual life; Intercultural communication -- United States |
| 650 ## - SUBJECT ADDED ENTRY--TOPICAL TERM | |
| Topical term or geographic name as entry element | Language & Literature |
| 856 ## - ELECTRONIC LOCATION AND ACCESS | |
| Uniform Resource Identifier | <a href="www.jstor.org/stable/10.2307/j.ctt4cgqmc">www.jstor.org/stable/10.2307/j.ctt4cgqmc</a> |
| Withdrawn status | Lost status | Damaged status | Home library | Current library | Date acquired | Total Checkouts | Full call number | Date last seen | Price effective from | Koha item type |
|---|---|---|---|---|---|---|---|---|---|---|
| College Library | College Library | 12/12/2017 | PE1405.U6R47 2008 | 12/12/2017 | 12/12/2017 | Curriculum - Based eBooks |